Normal view MARC view

Entry Personal Name

Number of records used in: 1

001 - CONTROL NUMBER

  • control field: 1356

003 - CONTROL NUMBER IDENTIFIER

  • control field: OSt

005 - DATE AND TIME OF LATEST TRANSACTION

  • control field: 20260511124414.0

008 - FIXED-LENGTH DATA ELEMENTS

  • fixed length control field: 260511|| aca||aabn | a|a d

040 ## - CATALOGING SOURCE

  • Original cataloging agency: OSt
  • Transcribing agency: OSt

100 ## - HEADING--PERSONAL NAME

  • Personal name: Vishvanath N. Pise

670 ## - SOURCE DATA FOUND

  • Source citation: Work cat.: (OSt)16844: Vishvanath N. Pise, Effect of yoga on health related physical fitness and psycho-motor ability in children with intellectual disability, 2019

Powered by Koha